[Event "Osijek-ch op"]
[Site "Osijek"]
[Date "2011.02.24"]
[Round "1"]
[White "Grguric, Stjepan Kresimir"]
[Black "Kurtovic, Leon"]
[Result "1-0"]
[WhiteElo "2007"]
[BlackElo "1630"]
[PlyCount "89"]
[EventDate "2011.02.24"]
[EventType "swiss"]
[EventRounds "7"]
[EventCountry "CRO"]
[SourceTitle "EXT 2012"]
[Source "ChessBase"]
[SourceDate "2011.11.24"]
[SourceVersion "1"]
[SourceVersionDate "2011.11.24"]
[SourceQuality "1"]

1. e4 e5 2. Nf3 Nc6 3. Bc4 h6 4. c3 Nf6 5. d3 Bc5 6. b4 Bb6 7. b5 Ng4 8. d4 Na5 9. Bd3 d6 10. h3 Nf6 11. 0-0 0-0 12. Re1 c6 13. Nbd2 cxb5 14. Bxb5 Bd7 15. Bxd7 Qxd7 16. dxe5 dxe5 17. Nxe5 Qd6 18. Ng4 Qd7 19. Nxf6+ gxf6 20. Qh5 Qd6 21. Qxh6 Qg3 22. Qxf6 Rac8 23. Qxb6 Qxc3 24. Qb2 Qxb2 25. Bxb2 Rc2 26. Ba3 Rd8 27. Nb3 b6 28. Nxa5 bxa5 29. Be7 Rd7 30. Bh4 a4 31. Rec1 Rdc7 32. Rxc2 Rxc2 33. a3 Kg7 34. Rb1 Ra2 35. Be7 Kg6 36. Rb7 Rc2 37. Rxa7 Rc4 38. Bb4 Rxe4 39. Rxa4 f5 40. Ra6+ Kg5 41. Bd2+ f4 42. Ra5+ Kh4 43. Kh2 Re2 44. Bxf4 Rxf2 45. Bg3# 1-0